Countries by Partial Flag Images #10 - Statistics

General Stats
  • This quiz has been taken 592 times
  • The average score is 15 of 16
Answer Stats
Picture Answer % Correct
Algeria
99%
Bulgaria
97%
Luxembourg
96%
Laos
95%
Nicaragua
94%
Turkmenistan
94%
St Lucia
93%
Zambia
93%
Armenia
92%
Central African Republic
91%
Guyana
91%
Jordan
88%
Tuvalu
85%
Namibia
83%
Tanzania
82%
Grenada
81%
No matching quizzes found
Score Distribution
Percent of People with Each Score
Percentile by Number Answered
Your Score History
You have not taken this quiz